Statistiques concernant Départements par leur numéro

Cliquez ici pour prendre le quiz!

Statistiques générales

  • Ce quiz a été pris 88 fois
  • Le résultat moyen est 74 sur 101

Statistiques - réponses

NuméroDépartement% Correct
1Ain
100%
2Aisne
97%
3Allier
93%
11Aude
89%
42Loire
89%
15Cantal
88%
2BHaute-Corse
88%
10Aube
87%
13Bouches-du-Rhône
87%
19Corrèze
87%
2ACorse-du-Sud
87%
6Alpes-Maritimes
85%
7Ardèche
85%
14Calvados
85%
16Charente
85%
29Finistère
85%
45Loiret
85%
4Alpes-de-Haute-Provence
84%
17Charente-Maritime
84%
9Ariège
83%
5Hautes-Alpes
83%
33Gironde
81%
39Jura
81%
18Cher
80%
23Creuse
80%
30Gard
80%
34Hérault
80%
36Indre
80%
37Indre-et-Loire
80%
60Oise
80%
75Paris
80%
12Aveyron
79%
22Côtes-d'Armor
79%
38Isère
79%
44Loire-Atlantique
79%
27Eure
77%
28Eure-et-Loir
77%
40Landes
77%
46Lot
77%
25Doubs
76%
51Marne
76%
54Meurthe-et-Moselle
76%
59Nord
76%
8Ardennes
75%
24Dordogne
75%
26Drôme
75%
43Haute-Loire
75%
74Haute-Savoie
75%
50Manche
75%
62Pas-de-Calais
75%
21Côte-d'Or
73%
32Gers
73%
31Haute-Garonne
73%
52Haute-Marne
73%
47Lot-et-Garonne
73%
69Rhône
73%
73Savoie
73%
83Var
73%
56Morbihan
72%
57Moselle
72%
78Yvelines
72%
67Bas-Rhin
71%
55Meuse
71%
61Orne
71%
66Pyrénées-Orientales
71%
77Seine-et-Marne
71%
53Mayenne
69%
58Nièvre
69%
63Puy-de-Dôme
69%
64Pyrénées-Atlantiques
69%
65Hautes-Pyrénées
68%
68Haut-Rhin
68%
90Territoire-de-Belfort
68%
49Maine-et-Loire
67%
41Loir-et-Cher
65%
72Sarthe
65%
81Tarn
65%
82Tarn-et-Garonne
65%
85Vendée
65%
88Vosges
65%
80Somme
64%
84Vaucluse
64%
91Essonne
63%
87Haute-Vienne
63%
76Seine-Maritime
63%
86Vienne
63%
89Yonne
63%
71Saône-et-Loire
61%
79Deux-Sèvres
60%
971Guadeloupe
60%
92Hauts-de-Seine
60%
48Lozère
60%
93Seine-Saint-Denis
60%
70Haute-Saône
59%
974Réunion
59%
35Île-et-Vilaine
57%
972Martinique
57%
94Val-de-Marne
53%
976Mayotte
51%
95Val-d'Oise
51%
973Guyane
45%

Distribution des résultats

Percentile par nombre de réponses

% des personnes avec chaque résultat

Votre développement - résultats

Vous n’avez pas pris ce quiz